000 00537nam a22001937a 4500
003 KOHA_MİRAKIL
005 20251125124930.0
008 251125b tu ||||| |||| 00| 0 tur d
020 _a9786052133774
040 _aTR-AnABB
_btur
_cTR-AnABB
041 _atur
082 _a813.42
_bADA 2019
100 1 _aAdanır, Oğuz,
245 1 0 _aBir antikçağ masalı /
_cOğuz Adanır
260 _aAnkara :
_bDoğu Batı Yayınları,
_c2019
300 _a231 sayfa ;
_c21 cm
650 0 4 _aTürk edebiyatı, roman
942 _2ddc
_cBK
999 _c9634
_d9634
900 _bGizem YORULMAZ